Daily Capital City Riddle #169 - Statistics

General Stats
  • This quiz has been taken 18 times
  • The average score is 31 of 35
Answer Stats
Type Answer % Correct
Found Letter A
100%
Alphabet Letter B
100%
Alphabet Letter E
100%
Found Letter N
100%
Alphabet Letter R
100%
Found Letter S
100%
Found Letter H
93%
Correctly Placed Letter I
93%
Found Letter I
93%
Alphabet Letter K
93%
Alphabet Letter L
93%
Correctly Placed Letter N
93%
Alphabet Letter O
93%
Alphabet Letter P
93%
Alphabet Letter T
93%
Alphabet Letter W
93%
Correctly Placed Letter C
86%
Found Letter C
86%
Alphabet Letter D
86%
Alphabet Letter G
86%
Correctly Placed Letter I
86%
Alphabet Letter M
86%
Correctly Placed Letter Ș
86%
Found Letter U
86%
Alphabet Letter V
86%
Alphabet Letter Y
86%
Alphabet Letter Z
86%
Correctly Placed Letter Ă
79%
Mystery Capital Chișinău
79%
Alphabet Letter F
79%
Correctly Placed Letter H
79%
Alphabet Letter J
79%
Alphabet Letter Q
79%
Correctly Placed Letter U
79%
Alphabet Letter X
79%
No matching quizzes found
Score Distribution
Percent of People with Each Score
Percentile by Number Answered
Your Score History
You have not taken this quiz